Name The Original Bad Girls Club Girls Quiz Stats

 Plays Quiz not verified by Sporcle

Challenge
Share
Tweet
Score 0/77 Timer 11:00
2 Plays Today
Hint Answer % Correct
Runs L.ANatalie
86.3%
Has the voodoo for you.Judi
83.6%
Tougher twinDani
82%
Showed up with a bodyguard.Sarah
81.4%
Member of the Fab 4.Sarah
81.4%
Usually a host.Tanisha
80.9%
Blue AfroJonica
80.3%
Thrown across the cement.Amber
79.2%
A felon.Jada
79.2%
A twinGabi
78.7%
Had her bangs snatched off.Mimi
78.7%
Mobile BelleLoren
78.7%
Sucks dick to get in the club.Rimanelli
78.1%
Likes walnuts with the chocolate on the outside.Alyssa
76%
Has a sex tape.Erica
75.4%
Thinks Obama is hotErica
75.4%
Rapper. Marley. Vee.Erika
74.3%
Bad Girls Club 8. Hates her season.Jenna
74.3%
Scared of the dark.Christina
73.8%
Winner of Bad Girls All Star Battle 2Tiana
73.2%
She's from Nigeria.Valentina
72.7%
Flipped tables for her friends.Ashley
72.7%
Buff BarbieShannon
72.7%
Used to be a married men ****.Lea
72.1%
Talks to Allah.Flo
71.6%
Rotate!Char
71.6%
Gigi's best friend.Steph
71%
Don't put her weave in the oven.Amy
70.5%
Was served breakfast in bedPriscilla
69.9%
Hell On HeelsPaula
69.9%
Jersey Bro! Football.Nikki
69.4%
Obamas step daughterMehgan
69.4%
Quinn. Rapper.Nastasia
67.8%
Ms Chi FlyAlicia
67.8%
Snow Whites sister.Julie
67.2%
First red head of BGC.Sydney
66.7%
Kentucky bad girl.Lauren
66.7%
Dislikes wolf monkeys.Tiara
66.7%
She will slam you.Britt
65.6%
Hint Answer % Correct
Will wang you.Jessica
65%
Hit her friend while drugged.Kristen
63.9%
Too classy for fighting.Tasha
63.9%
Hates being grouped with her family.Alex
63.4%
Will Snatch A Bitch.Catya
62.8%
Don't talk about her child.Portia
62.3%
BGC 2 Rapper.Lyric
61.7%
Ex Heroine AddictDanielle
61.2%
Botox BarbieKori
61.2%
Blonde, Tall, Lesbian. Nicknamed Star.Shelly
61.2%
Has a cheetah tattooGia
61.2%
Attacked production.Morgan
60.7%
Michael Jackson's soul mate.Linsey
60.7%
Justin BieberMilyn
60.1%
Tattoos whatever her ex made her go throughTeresa
60.1%
Some say she has no edgesJazmone
60.1%
Ostrich. Geechie.Falen
60.1%
Had sex in her church. Threw make up out the window.Kate
59.6%
Put hot sauce in someones juice.Jennavecia
57.9%
Hated her friend for changing.Brandi
57.4%
Fab 4 and the Ambers don't claim her.Kayla
56.8%
Quit BGC on Day 1Tess
55.7%
Fab 4 leader.Tiffany
55.2%
BawwstonWhitney
55.2%
Hyena #2Hanna
55.2%
Hyena #1Neveen
54.6%
Irrelevant StripperStephanie
54.6%
Baby she's a bad girl.Angelic
54.1%
She loves anal.Cordelia
52.5%
Wanted to live the Nunn life.Kendra
51.9%
Has an egg eating pattern.Annie
51.4%
Snot GaloreJanae
51.4%
The InstigatorAilea
49.7%
Where's the bathroom?Jade
49.7%
Anti BullyNicole
49.7%
Got attacked on Love Games season 2Amber B
44.8%
Mexican Princess on Fire.Darlene
38.8%
Bounce up on it!Amber M
38.3%

You're not logged in!

Compare scores with friends on all Sporcle quizzes.
Join for Free
OR
Log In

You Might Also Like...

Show Comments

Extras

Top Quizzes Today


Score Distribution

Your Account Isn't Verified!

In order to create a playlist on Sporcle, you need to verify the email address you used during registration. Go to your Sporcle Settings to finish the process.

Report this User

Report this user for behavior that violates our Community Guidelines.

Details: